Romance linguistics 2010 : selected papers from the 40th Linguistic Symposium on Romance Languages (LSRL), Seattle, Washington, March 2010 /

Bibliographic Details
Corporate Author: Linguistic Symposium on Romance Languages Seattle, Washington
Other Authors: Herschensohn, Julia Rogers, 1945-
Format: Conference Proceeding Book
Language:English
Published: Amsterdam ; Philadelphia : John Benjamins Pub. Co., [2011]
Series:Amsterdam studies in the theory and history of linguistic science. Current issues in linguistic theory ; v. 318.
Subjects:

MARC

Tag First Indicator Second Indicator Subfields
LEADER 00000cam a2200000 a 4500
001 in00002690521
005 20151202145054.0
008 110817s2011 ne a b 101 0 eng
010 |a  2011034776 
019 |a 752070062 
020 |a 9789027248367 (hb : alk. paper) 
020 |a 9027248362 (hb : alk. paper) 
020 |a 9789027283412 (eb) 
020 |a 9027283419 (eb) 
035 |a (OCoLC)ocn747385733 
040 |a DLC  |c DLC  |d YDX  |d YDXCP  |d BTCTA  |d OHX  |d TXA  |d UtOrBLW 
042 |a pcc 
049 |a TXAM 
050 0 0 |a PC11  |b .L53 2010 
082 0 0 |a 440  |2 23 
111 2 |a Linguistic Symposium on Romance Languages  |n (40th :  |d 2010 :  |c Seattle, Washington) 
245 1 0 |a Romance linguistics 2010 :  |b selected papers from the 40th Linguistic Symposium on Romance Languages (LSRL), Seattle, Washington, March 2010 /  |c edited by Julia Herschensohn. 
264 1 |a Amsterdam ;  |a Philadelphia :  |b John Benjamins Pub. Co.,  |c [2011] 
264 4 |c ©2011 
300 |a xvii, 332 pages :  |b illustrations ;  |c 25 cm. 
336 |a text  |b txt  |2 rdacontent 
337 |a unmediated  |b n  |2 rdamedia 
338 |a volume  |b nc  |2 rdacarrier 
490 1 |a Amsterdam studies in the theory and history of linguistic science. Series IV, Current issues in linguistic theory,  |v v. 318 
500 |a Selected papers from the 40th Linguistic Symposium on Romance Linguistics. 
504 |a Includes bibliographical references and index. 
650 0 |a Romance languages  |v Congresses. 
700 1 |a Herschensohn, Julia Rogers,  |d 1945- 
830 0 |a Amsterdam studies in the theory and history of linguistic science.  |n Series IV,  |p Current issues in linguistic theory ;  |v v. 318. 
948 |a cataloged  |b h  |c 2012/1/9  |d c  |e ceaton  |f 3:34:44 pm 
994 |a C0  |b TXA 
999 |a MARS 
999 f f |s 7768c671-0dab-3ce2-a043-74fe11e5ddd1  |i 7e32f3d5-f2c0-3dc7-9b54-ded3cddaa63d  |t 0 
952 f f |p normal  |a Texas A&M University  |b College Station  |c Sterling C. Evans Library  |d Evans: Library Stacks  |t 0  |e PC11 .L53 2010  |h Library of Congress classification  |i unmediated -- volume  |m A14841336069 
998 f f |a PC11 .L53 2010  |t 0  |l Evans: Library Stacks